Normal view
MARC view
Entry Personal Name
001 - CONTROL NUMBER
- control field: 7648
003 - CONTROL NUMBER IDENTIFIER
- control field: OSt
005 - DATE AND TIME OF LATEST TRANSACTION
- control field: 20211028144205.0
008 - FIXED-LENGTH DATA ELEMENTS
- fixed length control field: 211028|| aca||aabn | a|a d
040 ## - CATALOGING SOURCE
- Original cataloging agency: OSt
- Transcribing agency: OSt
100 ## - HEADING--PERSONAL NAME
- Personal name: Misquith, Lavita Shoba; Achar, Sumitha.
- Miscellaneous information: 1516072
670 ## - SOURCE DATA FOUND
- Source citation: Work cat.: (OSt): Misquith, Lavita Shoba; Achar, Sumitha. 1516072, Primordial antecedents of organizational behavior: a meta analysis., 2017